000 00680nam a22002177a 4500
999 _c21299
_d21299
003 AR-CdUCM
008 190411b ||||| |||| 00| 0 spa d
020 _a9786120035887
040 _aMUNICIPALIDAD PROVINCIAL DEL CUSCO
_cBIBLIOTECA MUNICIPAL DEL CUSCO
082 _aEP/869/C34
_bC34
100 _aCastillo Espinoza, Ronald
_911451
245 _aTaruka y humano /
260 _aCusco ;
_bDann'ys Graff,
_c2018.
300 _a26 Páginas. :
_c21 cm.
500 _aTexto en idioma Quechua, Castellano, Inglés.
650 _aLiteratura infantil
_9588
650 _aLiteratura cusqueña
_944463
650 _aLiteratura Quechua
_97789
942 _2ddc
_cLIBROS
945 _aRoel